000 00273nam a22001217a 4500
082 _a823
_bUNK/H
100 _aUNKNOWN
245 _a101 DALMATIANS
260 _aUNITED KINGDOM
_bLADY BIRD BOOKS
_c1994
300 _a16
650 _aENGLISH STORY
_zUNITED KINGDOM
942 _cBK
999 _c7505
_d7505